/ 3



Sirjnatmak- Lekhann ate Jan -sanchar Madhiyam (Record no. 23998)

MARC details
000 -LEADER
fixed length control field 00447nam a2200193Ia 4500
000 - LEADER
fixed length control field 00746ngmaa2200277 a 4500
003 - CONTROL NUMBER IDENTIFIER
control field RNL
006 - FIXED-LENGTH DATA ELEMENTS--ADDITIONAL MATERIAL CHARACTERISTICS
fixed length control field g||||fr|||| a0| fz
007 - PHYSICAL DESCRIPTION FIXED FIELD--GENERAL INFORMATION
fixed length control field hj bfb|||baap
008 - FIXED-LENGTH DATA ELEMENTS--GENERAL INFORMATION
fixed length control field 090707b ii f a fnsan d
040 ## - CATALOGING SOURCE
Original cataloging agency eng
100 ## - MAIN ENTRY--PERSONAL NAME
Personal name Kaur, Jagjit
245 ## - TITLE STATEMENT
Title Sirjnatmak- Lekhann ate Jan -sanchar Madhiyam
250 ## - EDITION STATEMENT
Edition statement 1st
260 ## - PUBLICATION, DISTRIBUTION, ETC.
Place of publication, distribution, etc. Delhi,
260 ## - PUBLICATION, DISTRIBUTION, ETC.
Name of publisher, distributor, etc. Manpreet Parkashan
260 ## - PUBLICATION, DISTRIBUTION, ETC.
Date of publication, distribution, etc. 2013
942 ## - ADDED ENTRY ELEMENTS (KOHA)
Koha item type Books
Holdings
Withdrawn status Lost status Damaged status Not for loan Collection code Home library Current library Shelving location Date acquired Total Checkouts Barcode Date last seen Date last checked out Price effective from Koha item type Cost, normal purchase price
        Punjabi Department Books RCL RCL General Stacks 10/02/2018 1 52490 02/23/2023 02/09/2023 10/02/2018 Books  
        Punjabi Department Books RCL RCL General Stacks     52491       Books 0.00
        Punjabi Department Books RCL RCL General Stacks   1 52492 08/22/2023 02/09/2023   Books 0.00
        Punjabi Department Books RCL RCL General Stacks   1 52493 05/29/2023 03/01/2023   Books 0.00

Find us on the map

Contact Us

RAMANUJAN COLLEGE UNIVERSITY OF DELHI, KALKAJI, NEW DELHI 110019
library@ramaanujan.du.ac.in
011-35002219
https://library.ramanujancollege.ac.in/
ramanujancollegelibrary
                                 
Customized & Maintained by Department of Library
Visitor Counter